000 00767nam a2200217Ii 4500
003 JO-AjNU
008 230605s9999||||xx |||||||||||||| ||und||
017 _a2011/19533
040 _aJO-AjNU
_bara
_erda
_cJO-AjNU
041 _aara
050 1 4 _aK3165.2011
100 3 _a المشهداني ، محمد كاظم ,
_eauthor
_943955
245 0 0 _aالقانون الدستوري : الدولة - الحكومة - الدستور
250 _a(د،ط)
264 3 1 _aالاسكندرية : مؤسسة الثقافة الجامعية ، 2011
300 _a300ص
336 _atext
_btxt
_2rdacontent
337 _aunmediated
_bn
_2rdamedia
338 _avolume
_bnc
_2rdacarrier
650 4 _aقانون دستوري -- دولة -- حكومة -- دستور
_943956
999 _aA18938
_c22506
_d22506